Thread of hope : (Record no. 2802)

MARC details
000 -LEADER
fixed length control field 00901cam a22002654a 4500
001 - CONTROL NUMBER
control field 12200014
003 - CONTROL NUMBER IDENTIFIER
control field GBCCL
005 - DATE AND TIME OF LATEST TRANSACTION
control field 20241126110440.0
008 - FIXED-LENGTH DATA ELEMENTS--GENERAL INFORMATION
fixed length control field 001011s2001 mou 000 0 eng
010 ## -
-- 00011888
020 ## - INTERNATIONAL STANDARD BOOK NUMBER
International Standard Book Number 0570053420
040 ## - CATALOGING SOURCE
Original cataloging agency DLC
Transcribing agency DLC
Modifying agency DLC
042 ## -
-- pcc
050 00 -
-- BV4844
-- .T47 2001
082 00 - DEWEY DECIMAL CLASSIFICATION NUMBER
Classification number 242.643
Edition information 21
Item number THO
100 1# - MAIN ENTRY--PERSONAL NAME
Personal name Thompson, Faye Hill,
Dates associated with a name 1949-
9 (RLIN) 5902
245 10 - TITLE STATEMENT
Title Thread of hope :
Remainder of title meditations for women /
Statement of responsibility, etc. Faye Hill Thompson.
260 ## - PUBLICATION, DISTRIBUTION, ETC.
Place of publication, distribution, etc. St. Louis, Mo. :
Name of publisher, distributor, etc. Concordia Pub. House,
Date of publication, distribution, etc. c2001.
300 ## - PHYSICAL DESCRIPTION
Extent 272 p. ;
Dimensions 21 cm.
650 #0 - SUBJECT ADDED ENTRY--TOPICAL TERM
Topical term or geographic name entry element Women
Form subdivision Prayers and devotions.
9 (RLIN) 5903
650 #0 - SUBJECT ADDED ENTRY--TOPICAL TERM
Topical term or geographic name entry element Hope
General subdivision Religious aspects
-- Christianity.
9 (RLIN) 272
906 ## - LOCAL DATA ELEMENT F, LDF (RLIN)
a 7
b cbc
c orignew
d 1
e ecip
f 20
g y-gencatlg
942 ## - ADDED ENTRY ELEMENTS (KOHA)
Source of classification or shelving scheme Dewey Decimal Classification
Koha item type Books
Holdings
Withdrawn status Lost status Source of classification or shelving scheme Damaged status Not for loan Home library Current Library Shelving location Date acquired Total checkouts Full call number Barcode Date last seen Copy number Price effective from Koha item type
    Dewey Decimal Classification     GRACE BIBLE COLLEGE GRACE BIBLE COLLEGE Ministry & Mission 2017-09-21   242.643 THO 012316 2025-05-01 c.10 2017-09-21 Books
    Dewey Decimal Classification     GRACE BIBLE COLLEGE GRACE BIBLE COLLEGE Ministry & Mission 2017-11-20   242.643 THO 011827 2025-05-01 c.1 2017-11-20 Books
    Dewey Decimal Classification     GRACE BIBLE COLLEGE GRACE BIBLE COLLEGE Ministry & Mission 2017-11-20   242.643 THO 011828 2025-05-01 c.2 2017-11-20 Books
    Dewey Decimal Classification     GRACE BIBLE COLLEGE GRACE BIBLE COLLEGE Ministry & Mission 2017-11-20   242.643 THO 011829 2025-05-01 c.3 2017-11-20 Books
    Dewey Decimal Classification     GRACE BIBLE COLLEGE GRACE BIBLE COLLEGE Ministry & Mission 2017-11-20   242.643 THO 011830 2025-05-01 c.4 2017-11-20 Books
    Dewey Decimal Classification     GRACE BIBLE COLLEGE GRACE BIBLE COLLEGE Ministry & Mission 2017-11-20   242.643 THO 011831 2025-05-01 c.5 2017-11-20 Books
    Dewey Decimal Classification     GRACE BIBLE COLLEGE GRACE BIBLE COLLEGE Ministry & Mission 2017-11-20   242.643 THO 011832 2025-05-01 c.6 2017-11-20 Books
    Dewey Decimal Classification     GRACE BIBLE COLLEGE GRACE BIBLE COLLEGE Ministry & Mission 2017-11-20   242.643 THO 011833 2025-05-01 c.7 2017-11-20 Books
    Dewey Decimal Classification     GRACE BIBLE COLLEGE GRACE BIBLE COLLEGE Ministry & Mission 2017-11-20   242.643 THO 011834 2025-05-01 c.8 2017-11-20 Books
    Dewey Decimal Classification     GRACE BIBLE COLLEGE GRACE BIBLE COLLEGE Ministry & Mission 2017-11-20   242.643 THO 011835 2025-05-01 c.9 2017-11-20 Books
© Grace Bible College Library 2025